000 00724nam a2200229Ii 4500
003 JO-AjNU
008 230605s9999||||xx |||||||||||||| ||und||
017 _a2019/6/3051
020 _a978-9923-14-111-3
040 _aJO-AjNU
_bara
_erda
_cJO-AjNU
041 _aara
050 1 4 _aP121 2020
100 3 _aمفتاح، محمد عبدالله,
_eauthor
_960116
245 0 0 _aدراسات نظرية في علم اللغة النصي
250 _aط1
264 3 1 _aاربد: عالم الكتب الحديث للنشر والتوزيع، 2020
300 _a116ص
336 _atext
_btxt
_2rdacontent
337 _aunmediated
_bn
_2rdamedia
338 _avolume
_bnc
_2rdacarrier
650 4 _aعلم اللغه
_960117
999 _aA27091
_c30659
_d30659